| 000 | 00567nam a2200205Ia 4500 | ||
|---|---|---|---|
| 005 | 20260429112012.0 | ||
| 008 | 260429s9999||||xx |||||||||||||| ||und|| | ||
| 020 | _a9781032571430 | ||
| 041 | _aEnglish | ||
| 082 |
_a371.904 _bAIN |
||
| 100 | _aAinscow, Mel | ||
| 245 | 0 |
_aDeveloping inclusive schools : _bpathways to success / _cMel Ainscow |
|
| 250 | _a1st ed. | ||
| 260 |
_aNew Delhi : _bRoutledge, _c2024. |
||
| 300 | _avii, 236 p.; pbk | ||
| 650 | _a Educational leadership | ||
| 650 | _a Special education | ||
| 650 | _aInclusive schools | ||
| 942 | _cTB | ||
| 999 |
_c51837 _d51837 |
||